000 00503nam a2200157 i 4500
001 27582
003 ES-MaACL
007 t|
008 030115s1840 fr ||||1| fre d
100 1 _aAubuisson de Voisins, J. F. d'.
_923831
245 1 0 _aTraité d'hydraulique... /
_cpar J. F. d'Aubuisson de Voisins.
250 _a2ª ed. aum.
260 _aParis, etc :
_bPitois-Levrault et Cie,
_c1840 (
_eStrasbourg :
_fBerger-Levrault)
300 _aXII, 646 p., 5 lám. ;
_c21 cm.
852 _aES-MaACL
_jG-11880
999 _c27582
_d27582